Score 0/23 Timer 04:00
1 Play Today
Movie Title (Year) Missing Word % Correct
Beauty and the ___ (1991)Beast
99.6%
The Lion ___ (1994)King
98.1%
___ Mia! (2008)Mamma
97.4%
___ Misérables (2012)Les
97.3%
Charlie and the ___ Factory (2005)Chocolate
97.2%
The Phantom of the ___ (2004)Opera
97.2%
The Hunchback of Notre ___ (1996)Dame
97.1%
Robin ___ : Men in Tights (1993)Hood
96.4%
Everyone Says I Love ___ (1996)You
95.9%
The ___ and the Frog (2009)Princess
93.9%
Moulin ___! (2001)Rouge
92.7%
Viva las _____ (1964)Vegas
91.5%
Movie Title (Year) Missing Word % Correct
___ and the Giant Peach (1996)James
90.9%
___ Todd: The Demon Barber of Fleet Street (2007)Sweeney
87.5%
The ___ Before Christmas (1993)Nightmare
86.9%
Happy ___ (2006)Feet
83.3%
Funny _____ (1968)Girl
77.1%
An _____ Tail (1986)American
76.9%
Across the ___ (2007)Universe
69.6%
The Prince of ___ (1998)Egypt
69.1%
___ Modern Millie (1967)Thoroughly
61.9%
Into the ___ (2014)Woods
56.5%
Hedwig and the Angry ___ (2001)Inch
51.8%

Today's Daily Dose

Remove Ads.
Support Sporcle.
Get the best of Sporcle when you Go Orange. This ad-free experience offers more features, more stats, and more fun while also helping to support Sporcle. Thank you for becoming a member.

You're not logged in!

Compare scores with friends on all Sporcle quizzes.
OR
Log In

Show Comments

Extras

Top Quizzes Today


Score Distribution

Your Account Isn't Verified!

In order to create a playlist on Sporcle, you need to verify the email address you used during registration. Go to your Sporcle Settings to finish the process.

Report this User

Report this user for behavior that violates our Community Guidelines.

Details: